000 00775nas a2200241 4500
001 BR9000991
003 BR-BrBNA
005 20231205091822.0
007 ta
008 230509b bl.|||p| |||| 00| 00por d
040 _aBR-BrBNA
_bpor
_cBiblioteca Nacional de Agricultura
041 _a(Pt)
072 _aF03
100 1 _aFigueiredo, S.F.L.
245 1 _aGerminacao de sementes de jojoba (Simmondsia chinensis (Link)Schneider)
246 1 _aGermination of jojoba (Simmondsia chinensis (Link)Schneider)seeds
650 _aJOJOBA
650 _aSEMENTE
650 _aGERMINACAO
773 0 _tRevista Brasileira de Fisiologia Vegetal (Brazil)
_xISSN 0103-313
_g(1989), v. 1(1) p. 99-107
_wBR9000991
909 _a202311
_bLúcia
_c55
_dLúcia Elande
942 _2AGRIS
_n0
_cANA
999 _c127548
_d127548